South Asia and beyond : (Record no. 144499)

MARC details
000 -LEADER
fixed length control field 00630nam a22001817a 4500
010 ## - LCCN (DPL NO)
LC control number ENG-120395
020 ## - INTERNATIONAL STANDARD BOOK NUMBER
Terms of availability 1895.00
International Standard Book Number 9788187392972
035 ## - SYSTEM CONTROL NUMBER
System control number EN-103927
037 ## - SOURCE OF ACQUISITION
Source of stock number/acquisition DBAD /PUB
082 ## - DEWEY DECIMAL CLASSIFICATION NUMBER
Classification number 355.02170954
100 ## - MAIN ENTRY--PERSONAL NAME
Personal name Dhurba Rizal
245 ## - TITLE STATEMENT
Title South Asia and beyond :
Statement of responsibility, etc by Dhurba Rizal
Remainder of title discourse on emerging security challenges and concerns /
260 ## - PUBLICATION, DISTRIBUTION, ETC. (IMPRINT)
Place of publication, distribution, etc New Delhi
Name of publisher, distributor, etc Adroit Publishers
Date of publication, distribution, etc 2012
270 ## - ADDRESS
Address 4675/21, Ganpati Bhawan, Ansari Road, Daryaganj
City New Delhi
Postal code 110002
300 ## - PHYSICAL DESCRIPTION
Extent xxvi,696p.
Dimensions 23cm(H.b)
500 ## - GENERAL NOTE
General note Includes references and index
942 ## - ADDED ENTRY ELEMENTS (KOHA)
Source of classification or shelving scheme Dewey Decimal Classification
Item type English Books
Classification part 355.02170954
Call number suffix DHU
Holdings
Withdrawn status Lost status Not for loan Collection code Home library Current library Date acquired Source of acquisition Cost, normal purchase price Full call number Barcode Copy number Cost, replacement price Koha item type
      Non-fiction Shahdara Branch Shahdara Branch 13/09/2017 DBAD/PUB 1895.00 355.02170954 DUB EN-103927 1 1895.00 English Books

© Delhi Public Library
Hit Counter
free hit counter